Country Quiz: Yemen 🇾🇪 - Statistics

General Stats
  • This quiz has been taken 32 times
  • The average score is 18 of 25
Answer Stats
Hint Answer % Correct
Language Arabic
95%
Main Religion Islam
95%
Bordering countries Oman
95%
Nationality Yemeni
95%
Time zones 1 (UTC+3)
90%
Capital Sanaa
90%
Saudi Arabia
90%
In 1918, the Ottoman empire began losing ground, and _____ Yemen gained independence North
85%
Red sea
85%
In 1839, this country seized southern Yemen, and ruled southern Yemen until the 1960s United Kingdom
85%
Second-Largest City Aden
80%
Bordering gulf Gulf of Aden
80%
Yemen was the first country in the Arabian peninsula to allow women to ____ Vote
80%
National Sport Football
75%
The year the two Yemens unite as Present-day Yemen 1990
70%
In 1969, a coup took place in southern Yemen, and between 1969-1990, southern Yemen became the Arab world's only _________ country Communist
70%
According to surveys, the Yemeni island, ______, is the only safe place to visit in Yemen Socotra
65%
State-Condition Republic
60%
According to legend, Yemen’s capital was founded by Shem, one of the three sons of ____ from the flood story in the Old Testament book of the Bible Noah
55%
Climate Dry / Arid
50%
One of few countries to rule by this type of government / ideology where all branches of power are ruled by religion Theocracy
50%
Bordering sea Arabian sea
40%
National Animal Golden Eagle
40%
Founding Father and Most Famous Leader (1990-2012) Ali Abdullah Saleh
35%
Currency Rial
35%
No matching quizzes found
Score Distribution
Percent of People with Each Score
Percentile by Number Answered
Your Score History
You have not taken this quiz